Príprava a štúdium vlastností komplexov železa s vybranými derivátmi pyridínu

Salvato in:
Dettagli Bibliografici
Autore principale: Brienik, Michal (Autore)
Altri autori: Ondrejkovičová, Iveta (Relatore della tesi)
Natura: Manoscritto Libro
Lingua:slovacco
Pubblicazione: 2016
Soggetti:
Accesso online:http://is.stuba.sk/zp/portal_zp.pl?podrobnosti=131852
Tags: Aggiungi Tag
Nessun Tag, puoi essere il primo ad aggiungerne!!

MARC

LEADER 00000ntm a22000003a 4500
001 stuzp53030
003 SK-STU
005 20160719154344.9
007 ta
008 150427s2015----xo-----f-mn---000-0-slo-d
040 |a STU  |b slo 
041 0 |a slo 
100 1 |a Brienik, Michal  |u 042190  |4 aut  |U FCHPT Ústav anorganickej chémie, technológie a materiálov  |T FCHPT Oddelenie anorganickej chémie  |X 40183  |U C2190  |Y 112  |7 40183 
242 0 1 |a Preparation and study of properties of complex compounds with pyridine derivatives was chosen.  |y eng 
245 1 0 |a Príprava a štúdium vlastností komplexov železa s vybranými derivátmi pyridínu 
260 |c 2016 
650 4 |a mostlíkovy  |2 slo 
650 4 |a komplexy  |2 slo 
650 4 |a iónové  |2 slo 
650 4 |a pyridín  |2 slo 
650 4 |a železo  |2 slo 
650 4 |a pyridine  |2 eng 
650 4 |a complex  |2 eng 
650 4 |a iron  |2 eng 
700 1 |a Ondrejkovičová, Iveta  |u 042190  |k Z1  |4 ths  |U FCHPT Ústav anorganickej chémie, technológie a materiálov  |T FCHPT Oddelenie anorganickej chémie  |X 3280  |U C2190  |Y 112  |7 A000003280 
856 4 |u http://is.stuba.sk/zp/portal_zp.pl?podrobnosti=131852 
SQL |a stuzp53030  |b DDP  |c SLO  |d Príprava a štúdium vlastností komplexov železa s vybranými derivátmi pyridínu  |e 40183  |f Brienik, Michal  |g 042190  |h 3280  |i Ondrejkovičová, Iveta  |j 20160606  |k 1400  |l 04  |m http://is.stuba.sk/zp/portal_zp.pl?podrobnosti=131852  |n I-TCHEM  |o 4.1.14. chémia, 5.2.18. chemické technológie